000 00724nam a2200205 i 4500
001 44136
003 ES-MaACL
005 20250607063017.0
007 t|
008 030320s1948 ag ||||1| spa d
100 1 _aCézanne, Paul,
_d1839-1906
_9240803
245 1 0 _aCorrespondencia de Paul Cezanne /
_creunida, anotada y prologada por John Rewald ; noticia liminar y versión española de Leonardo Estarico.
250 _a[1ª ed.].
260 _aBuenos Aires :
_bEl Ateneo,
_c[1948] (
_fF. M. Mercatali)
300 _a256 p., 47 lám. :
_b1 retr. aut. ;
_c20 cm.
700 1 _aRewald, John.
_996477
700 1 _aEstarico, Leonardo.
_948017
852 _aES-MaACL
_jD-5434
_bR.30754
999 _c44136
_d44136